Vyhláška MZSV SR č. 151/1988 Zb. a doplňujúce predpisy o sociálnom zabezpečení. 2.
Pokračovanie druhej časti vyhlášky. Opakované peňažné dávky. Služby sociálnej starostlivosti. Zariadenia sociálnej starostlivosti.
Guardado en:
| Formato: | Capítulo de libro |
|---|---|
| Lenguaje: | eslovaco |
| Materias: | |
| Etiquetas: |
Sin Etiquetas, Sea el primero en etiquetar este registro!
|
MARC
| LEADER | 00000naa a2200000 4500 | ||
|---|---|---|---|
| 001 | r010543 | ||
| 005 | 20220831085647.5 | ||
| 041 | 0 | |a slo | |
| 044 | |a [CS] | ||
| 245 | 1 | 0 | |a Vyhláška MZSV SR č. 151/1988 Zb. a doplňujúce predpisy o sociálnom zabezpečení. 2. |
| 520 | |a Pokračovanie druhej časti vyhlášky. Opakované peňažné dávky. Služby sociálnej starostlivosti. Zariadenia sociálnej starostlivosti. | ||
| 610 | 2 | 0 | |a zabezpečenie sociálne |
| 610 | 2 | 0 | |a vyhlášky |
| 610 | 2 | 0 | |a predpisy právne |
| 610 | 2 | 0 | |a zákony |
| 610 | 2 | 0 | |a Slovensko |
| 610 | 2 | 0 | |a 1988-1990 |
| 610 | 2 | 0 | |a príspevky sociálne |
| 610 | 2 | 0 | |a starostlivosť sociálna |